[Event "Paulista-ch zt"]
[Site "Itapetininga"]
[Date "2012.10.13"]
[Round "3"]
[White "Salama, Andre Sasson"]
[Black "Queiroz, Alberto Becker"]
[Result "0-1"]
[WhiteElo "1978"]
[BlackElo "1958"]
[PlyCount "104"]
[EventDate "2012.10.12"]
[EventType "swiss"]
[EventRounds "6"]
[EventCountry "BRA"]
[SourceTitle "CBM 151 Extra"]
[Source "ChessBase"]
[SourceDate "2012.12.18"]
[SourceVersion "1"]
[SourceVersionDate "2012.12.18"]
[SourceQuality "1"]

1. e4 Nf6 2. e5 Nd5 3. Bc4 Nb6 4. Bb3 d5 5. d4 Bf5 6. f4 e6 7. Nf3 c5 8. c3 Nc6 9. 0-0 Rc8 10. Be3 Nc4 11. Bxc4 dxc4 12. dxc5 Qa5 13. Qe2 Bd3 14. Qf2 Bxf1 15. Kxf1 Nb8 16. Na3 Bxc5 17. Nxc4 Qa6 18. Qe2 Bxe3 19. Nxe3 Qxe2+ 20. Kxe2 Nd7 21. Nd2 Ke7 22. Nec4 f6 23. Nd6 Rc7 24. Nb5 Rc5 25. exf6+ gxf6 26. c4 a6 27. Nc3 Rh5 28. Nf3 Rc8 29. Kd3 b5 30. cxb5 axb5 31. a3 Nc5+ 32. Ke3 Na4 33. Rc1 Rhc5 34. Kd2 Nxb2 35. Nd4 Nc4+ 36. Kc2 Nxa3+ 37. Kb3 Nc4 38. Ndxb5 Nd2+ 39. Kb2 Rb8 40. Ra1 Rcxb5+ 41. Nxb5 Rxb5+ 42. Kc2 Nc4 43. Ra7+ Kd6 44. Kd3 Nb2+ 45. Kc3 h5 46. Ra6+ Kd5 47. f5 exf5 48. Rxf6 Ke4 49. Re6+ Kf4 50. Rh6 Kg5 51. Rd6 Na4+ 52. Kc2 Rb2+ 0-1

[Event "Paulista-ch zt"]
[Site "Itapetininga"]
[Date "2012.10.12"]
[Round "2"]
[White "De Oliveira, Adriano Fernandes"]
[Black "Salama, Andre Sasson"]
[Result "1/2-1/2"]
[WhiteElo "2283"]
[BlackElo "1978"]
[PlyCount "106"]
[EventDate "2012.10.12"]
[EventType "swiss"]
[EventRounds "6"]
[EventCountry "BRA"]
[SourceTitle "CBM 151 Extra"]
[Source "ChessBase"]
[SourceDate "2012.12.18"]
[SourceVersion "1"]
[SourceVersionDate "2012.12.18"]
[SourceQuality "1"]

1. e4 e6 2. d4 d5 3. Nd2 dxe4 4. Nxe4 Bd7 5. Nf3 Bc6 6. Bd3 Nd7 7. 0-0 Ngf6 8. Qe2 Be7 9. Rd1 Nxe4 10. Bxe4 Bxe4 11. Qxe4 c6 12. c4 0-0 13. Bd2 Re8 14. Bc3 Qc7 15. Rac1 Bf6 16. Ne5 Rad8 17. f4 c5 18. b4 Bxe5 19. fxe5 cxd4 20. Bxd4 a6 21. Rd3 Nf8 22. Rg3 Ng6 23. Rh3 Qd7 24. Bc5 Qd2 25. Rf1 b5 26. Bd6 bxc4 27. Qxc4 Rc8 28. Qd3 Qxd3 29. Rxd3 Red8 30. Ra3 Rc6 31. Ra5 f6 32. a4 Nxe5 33. Bxe5 fxe5 34. Rxe5 Rb8 35. b5 axb5 36. Rxb5 Rbc8 37. Rb2 Ra6 38. Rb4 h6 39. Ra1 Rc5 40. Ra2 Rf5 41. g4 Rd5 42. Kf2 h5 43. Ke3 hxg4 44. Rxg4 Rc6 45. Rd4 Rh5 46. Re4 Rd5 47. Ra3 Rh5 48. Ra2 Rd5 49. a5 Ra6 50. Rea4 Kf7 51. Ke4 Ke7 52. Kf4 Kf6 53. Ke4 Ke7 1/2-1/2

[Event "Osasco op"]
[Site "Osasco"]
[Date "2012.04.21"]
[Round "4"]
[White "Salama, Andre Sasson"]
[Black "Nunes, Agatha Hurba"]
[Result "1/2-1/2"]
[WhiteElo "1994"]
[BlackElo "1613"]
[PlyCount "149"]
[EventDate "2012.04.20"]
[EventType "swiss"]
[EventRounds "6"]
[EventCountry "BRA"]
[SourceTitle "CBM 148 Extra"]
[Source "ChessBase"]
[SourceDate "2012.06.22"]
[SourceVersion "1"]
[SourceVersionDate "2012.06.22"]
[SourceQuality "1"]

1. e4 e6 2. d3 d5 3. Nd2 dxe4 4. dxe4 Nc6 5. Ngf3 Bc5 6. c3 Nge7 7. Be2 0-0 8. Qc2 e5 9. 0-0 Ng6 10. Nb3 Bb6 11. Bg5 f6 12. Rad1 Qe7 13. Bd2 Be6 14. h4 Qf7 15. Nc1 Rfd8 16. b3 Kh8 17. Nd3 Rd7 18. Nde1 Rad8 19. g3 Nge7 20. Ng2 Bg4 21. Ne3 Bxe3 22. Bxe3 h5 23. Rxd7 Rxd7 24. Rd1 Rxd1+ 25. Qxd1 a6 26. Kg2 Qe8 27. b4 Nb8 28. Qc2 Qc8 29. a4 b6 30. Qd3 Qd7 31. Qc2 Nec6 32. Bd3 a5 33. b5 Nd8 34. Nd2 Qe7 35. c4 Nb7 36. Nb3 Nd7 37. Nc1 Ndc5 38. Bf1 Qd7 39. f3 Bh3+ 40. Kg1 Bxf1 41. Kxf1 Qh3+ 42. Ke2 Qxg3 43. Bf2 Qf4 44. Na2 Qh2 45. Nc3 Qh3 46. Qd1 Qe6 47. Qd5 Qxd5 48. Nxd5 Nxa4 49. Nxc7 Nd6 50. Bxb6 Nxc4 51. Bf2 Nd6 52. b6 Nb7 53. Kd3 Nac5+ 54. Kc4 Nd7 55. Kb5 Nb8 56. Na6 Nd6+ 57. Kxa5 Nc6+ 58. Ka4 Kg8 59. Nc5 Kf7 60. Kb3 Ke7 61. Kc3 Nd8 62. Be3 N8b7 63. Kb4 g6 64. Kc3 Nxc5 65. Bxc5 Kd7 66. Kb4 Nb7 67. Be3 Kc6 68. Bh6 f5 69. Bg7 fxe4 70. fxe4 Kxb6 71. Bxe5 Kc6 72. Kc4 Nd8 73. Kd4 Ne6+ 74. Ke3 Kc5 75. Bf6 1/2-1/2